000 00905nam a22002897a 4500
001 BR7100394
003 BR-BrBNA
005 20230928083650.0
007 ta
008 230509b bl.||||| |||| 00| 0 por d
040 _aBR-BrBNA
_bpor
_cBiblioteca Nacional de Agricultura
041 _a(Por)
072 _aF70; F50
_b2480
_b/G514
090 _ 2480 BR7100394
110 1 _aSuperintendencia da Borracha, Rio de Janeiro, RJ (Brasil)
_910023
245 1 _aPlano Nacional da Borracha. Anexo 7 O genero hevea: Descricao das especies e distribuicao geografica [Brasil]
260 3 _aRio de Janeiro, RJ (Brasil):
_c1971.
300 _a64 p.
500 _a6 illus.; Bibliography (50 ref.)
650 _aTaxonomia vegetal
650 _aEstrutura vegetal
650 _aSeringueira
650 _aBorracha
650 _aDistribuicao geografica
909 _a202309
_bLucia
_c55
_dLucia Elande
942 _cBK
999 _c14698
_d14698